Statystyki dla Powiaty na literę C

Kliknij tutaj aby rozwiązać quiz!

Ogólne statystyki

  • Ten quiz został rozwiązany 199 razy
  • Średni wynik to 12 z 14

Statystyki odpowiedzi

WojewództwoPowiat% Poprawnych
lubelskieChełm
93%
lubelskiechełmski
91%
mazowieckieciechanowski
91%
śląskiecieszyński
91%
śląskieCzęstochowa
91%
śląskieChorzów
90%
śląskieczęstochowski
90%
pomorskiechojnicki
88%
małopolskiechrzanowski
83%
pomorskieczłuchowski
83%
kujawsko-pomorskiechełmiński
82%
wielkopolskiechodzieski
75%
wielkopolskieczarnkowsko-trzcianecki
63%
zachodniopomorskiechoszczeński
61%

Rozkład punktacji

Percentyl według liczby udzielonych odpowiedzi

Procent ludzi z każdym wynikiem

Twoja historia wyników

Nie rozwiązałeś tego quizu